000 00893nam a2200253Ia 4500
003 OSt
005 20221005101903.0
006 a|||||r|||| 00| 0
007 ta
008 221004b |||||||| |||| 00| 0 eng d
020 _a9171064389 (hbk)
_c3781.80
024 _a89929
037 _b160, 28/12/2007, Prachi Book Distributors
_cTextual
040 _aCRL
_cCRL
_beng
041 _2eng
_aeng
082 _aV63:51, N9
100 _aSellstrom Tor Ed.
_9622680
245 0 _aLiberation in Southern Africa - regional and swedish viices
_b interviews from Angola, Mozambique, Namibia, South Africa, Zimbabwe, the Frontline and Sweden
260 _aUppsala
_bNordiska Afrikainstitutet USA
_c1999
300 _a365p.
_ccm.
650 _aHISTORY
942 _hV63:51, N9
_cTEXL
_2cc
999 _c1007505
_d1007505